Shiloh/ (Record no. 574)

MARC details
000 -LEADER
fixed length control field 01082cam a2200325 i 4500
005 - DATE AND TIME OF LATEST TRANSACTION
control field 20231205082251.0
020 ## - INTERNATIONAL STANDARD BOOK NUMBER
International Standard Book Number 9781481441513 (hardcover)
020 ## - INTERNATIONAL STANDARD BOOK NUMBER
International Standard Book Number 9781481441537 (pbk.)
020 ## - INTERNATIONAL STANDARD BOOK NUMBER
Canceled/invalid ISBN 9781481441544 (ebook)
040 ## - CATALOGING SOURCE
Original cataloging agency DLC
Language of cataloging eng
Transcribing agency DLC
Description conventions rda
Modifying agency DLC
050 00 - LIBRARY OF CONGRESS CALL NUMBER
Classification number PZ7.N24
Item number Sgc 2015
082 00 - DEWEY DECIMAL CLASSIFICATION NUMBER
Classification number [Fic]
Edition number 23
100 1# - MAIN ENTRY--PERSONAL NAME
Personal name Naylor, Phyllis Reynolds,
Relator term author.
245 12 - TITLE STATEMENT
Title Shiloh/
Statement of responsibility, etc. by Phyllis Reynolds Naylor.
260 ## - PUBLICATION, DISTRIBUTION, ETC.
Place of publication, distribution, etc. New York :
Name of publisher, distributor, etc. Scholastic.
Date of publication, distribution, etc. 2014.
300 ## - PHYSICAL DESCRIPTION
Extent 246 pages ;
Dimensions 20 cm.
490 0# - SERIES STATEMENT
Series statement The Shiloh quartet.
505 ## - FORMATTED CONTENTS NOTE
Formatted contents note Q
520 ## - SUMMARY, ETC.
Summary, etc. "Marty and his best friend, Shiloh are on another adventure. Marty learns when a secret is too dangerous to keep, and that hate can spread like fire"--
Assigning source Provided by publisher.
521 1# - TARGET AUDIENCE NOTE
Target audience note 890 <br/>
Source Lexile
521 1# - TARGET AUDIENCE NOTE
Target audience note Q <br/>
Source Raz-Plus
650 #1 - SUBJECT ADDED ENTRY--TOPICAL TERM
Topical term or geographic name entry element Dogs
Form subdivision Fiction.
650 #1 - SUBJECT ADDED ENTRY--TOPICAL TERM
Topical term or geographic name entry element Family life
Geographic subdivision West Virginia
Form subdivision Fiction.
650 #1 - SUBJECT ADDED ENTRY--TOPICAL TERM
Topical term or geographic name entry element Clergy
Form subdivision Fiction.
650 #1 - SUBJECT ADDED ENTRY--TOPICAL TERM
Topical term or geographic name entry element Prejudices
Form subdivision Fiction.
650 #1 - SUBJECT ADDED ENTRY--TOPICAL TERM
Topical term or geographic name entry element Christmas
Form subdivision Fiction.
906 ## - LOCAL DATA ELEMENT F, LDF (RLIN)
a 7
b cbc
c orignew
d 1
e ecip
f 20
g y-gencatlg
942 ## - ADDED ENTRY ELEMENTS (KOHA)
Source of classification or shelving scheme Library of Congress Classification
Koha item type Books
Suppress in OPAC No
999 ## -
-- 574
-- 574
Holdings
Withdrawn status Lost status Source of classification or shelving scheme Damaged status Not for loan Collection Home library Current library Shelving location Date acquired Total Checkouts Full call number Barcode Date last seen Price effective from Koha item type
    Dewey Decimal Classification     Fiction Footprints International School Library Network Toul Kork Campus Footprints International School Library Network Toul Kork Campus A TK Campus, 4th Floor, Room B401, Fiction Bookcases (1-6) 06/16/2023   NAY Fic PZ7.N24 FISTK05448 06/16/2023 06/16/2023 Books